Bolivar

Salvato in:
Dettagli Bibliografici
Autori principali: Marschall, Phyllis (autora), Crane, John (Autore)
Natura: Libro
Lingua:spagnolo
Pubblicazione: Santiago Zig-Zag 1941
Edizione:2a. ed
Serie:Biografias. Director Roque Esteban Scarpa
Soggetti:
Tags: Aggiungi Tag
Nessun Tag, puoi essere il primo ad aggiungerne!!

MARC

LEADER 00000nam a2200000 a 4500
001 UCX0186
003 CL-VaPUC
008 890824e19410000CL |||||||||||||||||spa|d
082 0 4 |a 923.5  |b MAR  |2 21 
100 |a Marschall, Phyllis  |e autora  |9 315581 
700 0 |a Crane, John  |e author  |9 315582 
245 1 0 |a Bolivar 
250 |a 2a. ed 
300 |a 332 p 
942 |c BK 
945 |d 19890824 00:00:00 
260 |a Santiago  |b Zig-Zag  |c 1941 
600 0 |a Bolívar, Simón   |d 1783-1830  |9 265422 
650 0 |a Biografías  |9 255210 
583 |a last modification  |c 20150113 05:16:35  |k Rodrigo Vera 
490 0 |a Biografias. Director Roque Esteban Scarpa 
999 |c 221877  |d 221875 
952 |0 0  |1 0  |4 0  |6 923_500000000000000_MAR_1941  |7 0  |8 X  |9 215882  |a BIBHIS  |b BIBHIS  |d 2019-11-15  |i 2844338  |o 923.5 MAR 1941  |p 2844338  |r 2024-01-30  |w 2019-11-15  |y BK_X  |k HIS